000 00700nam a2200229Ia 4500
003 OSt
005 20260122135413.0
008 220923b |||||||| |||| 00| 0 eng d
020 _a184542 123 X
037 _cGeneral Book
040 _aRTL
_cRTL
_beng
041 _2eng
_aeng
084 _aY:434.4.P, P5
_qRTL
245 0 _aPoverty targeting in Asia
260 _aCheltenham
_bEdward Elgar
_c2005
300 _axiv, 282 p.
_bIncludes bibliographical references and index.
490 _aAsian Development Bank Institute
650 _a Sociology
_91104529
700 _a Weiss John
_e Editor
_91104530
942 _hY:434.4.P, P5
_cGB
_2CC
_n0
999 _c499126
_d499126